000
00226nam a22000857a 4500
008
160712b xxu||||| |||| 00| 0 eng d
100
_9
2678
_a
Ogilvie, L.J
245
_a
Making Stress Work for you
260
_a
Texas
_b
Word Book
_c
1971
999
_c
2328
_d
2328